<?xml version="1.0" encoding="UTF-8"?><?xml-stylesheet type="text/xsl" href="static/style.xsl"?><OAI-PMH xmlns="http://www.openarchives.org/OAI/2.0/" xmlns:xsi="http://www.w3.org/2001/XMLSchema-instance" xsi:schemaLocation="http://www.openarchives.org/OAI/2.0/ http://www.openarchives.org/OAI/2.0/OAI-PMH.xsd"><responseDate>2026-04-27T20:11:07Z</responseDate><request verb="GetRecord" identifier="oai:uvadoc.uva.es:10324/668" metadataPrefix="marc">https://uvadoc.uva.es/oai/request</request><GetRecord><record><header><identifier>oai:uvadoc.uva.es:10324/668</identifier><datestamp>2022-03-16T09:42:29Z</datestamp><setSpec>com_10324_150</setSpec><setSpec>col_10324_151</setSpec></header><metadata><record xmlns="http://www.loc.gov/MARC21/slim" xmlns:doc="http://www.lyncode.com/xoai" xmlns:xsi="http://www.w3.org/2001/XMLSchema-instance" xmlns:dcterms="http://purl.org/dc/terms/" xsi:schemaLocation="http://www.loc.gov/MARC21/slim http://www.loc.gov/standards/marcxml/schema/MARC21slim.xsd">
<leader>00925njm 22002777a 4500</leader>
<datafield tag="042" ind1=" " ind2=" ">
<subfield code="a">dc</subfield>
</datafield>
<datafield tag="720" ind1=" " ind2=" ">
<subfield code="a">[s.n.]</subfield>
<subfield code="e">author</subfield>
</datafield>
<datafield tag="024" ind2=" " ind1="8">
<subfield code="a">Alonso-Cortés,510</subfield>
</datafield>
<datafield tag="024" ind2=" " ind1="8">
<subfield code="a">http://uvadoc.uva.es/handle/10324/668</subfield>
</datafield>
<datafield tag="024" ind2=" " ind1="8">
<subfield code="a">b1513822</subfield>
</datafield>
<datafield tag="024" ind2=" " ind1="8">
<subfield code="a">U/Bc Ms 510</subfield>
</datafield>
<datafield ind1=" " ind2=" " tag="653">
<subfield code="a">Marina de guerra - España - Siglo XVII - Fuentes</subfield>
</datafield>
<datafield ind1=" " ind2=" " tag="653">
<subfield code="a">España - Historia - Siglo XVII - Fuentes</subfield>
</datafield>
<datafield tag="245" ind1="0" ind2="0">
<subfield code="a">[Papeles sobre una causa promovida contra el segundo Marqués de Santa Cruz, siendo Capitán General de las galeras del Reino de Nápoles, por haber desobedecido ciertas órdenes del Rey en la campaña del año 1646</subfield>
</datafield>
</record></metadata></record></GetRecord></OAI-PMH>